00486 2200193 4500001002100000005001500021008004100036020001800077035001900095041000700114082000800121090001400129100002700143245003800170260003600208300002100244500000600265650002100271INLIS00000000000229120241224112518241224||||||||| | ||| |||| || |  a979-450-067-4 0010-1224002291 aen0 a602 a602 ASS h0 aDrs.Dja'far H.Assegaff00aHubungan Masyarakat Dalam Praktek aJakartabGhalia Indonesiac1987 a94 hlm.; 20,5 cm a2 0aIlmu Pengetahuan